A brief history of Afghanistan / (Record no. 15276)

000 -LEADER
fixed length control field 01215cam a2200349 a 4500
001 - CONTROL NUMBER
control field 16238731
005 - DATE AND TIME OF LATEST TRANSACTION
control field 20170105102914.0
008 - FIXED-LENGTH DATA ELEMENTS--GENERAL INFORMATION
fixed length control field 100517s2010 nyuab b 001 0 eng
010 ## - LIBRARY OF CONGRESS CONTROL NUMBER
LC control number 2010019656
020 ## - INTERNATIONAL STANDARD BOOK NUMBER
International Standard Book Number 9780816082186
020 ## - INTERNATIONAL STANDARD BOOK NUMBER
International Standard Book Number 0816082189
020 ## - INTERNATIONAL STANDARD BOOK NUMBER
International Standard Book Number 9780816082193 (pbk.)
020 ## - INTERNATIONAL STANDARD BOOK NUMBER
International Standard Book Number 9780816063352
035 ## - SYSTEM CONTROL NUMBER
System control number (OCoLC)ocn460053430
040 ## - CATALOGING SOURCE
Original cataloging agency DLC
Transcribing agency DLC
Modifying agency YDX
-- BTCTA
-- YDXCP
-- CDX
-- VP@
-- DLC
042 ## - AUTHENTICATION CODE
Authentication code pcc
043 ## - GEOGRAPHIC AREA CODE
Geographic area code a-af---
050 00 - LIBRARY OF CONGRESS CALL NUMBER
Classification number DS356
Item number .W34 2010
082 00 - DEWEY DECIMAL CLASSIFICATION NUMBER
Classification number 958.1
Edition number 22
100 1# - MAIN ENTRY--PERSONAL NAME
Personal name Wahab, Shaista.
245 12 - TITLE STATEMENT
Title A brief history of Afghanistan /
Statement of responsibility, etc. Shaista Wahab and Barry Youngerman.
260 ## - PUBLICATION, DISTRIBUTION, ETC.
Place of publication, distribution, etc. New York :
Name of publisher, distributor, etc. Facts on File,
Date of publication, distribution, etc. c2007
300 ## - PHYSICAL DESCRIPTION
Extent xii, 308 p. :
Other physical details ill., maps ;
Dimensions 24 cm.
500 ## - GENERAL NOTE
General note Paperback binding has Checkmark Books imprint.
504 ## - BIBLIOGRAPHY, ETC. NOTE
Bibliography, etc. note Includes bibliographical references and index.
651 #0 - SUBJECT ADDED ENTRY--GEOGRAPHIC NAME
Geographic name Afghanistan
General subdivision History.
700 1# - ADDED ENTRY--PERSONAL NAME
Personal name Youngerman, Barry.
856 41 - ELECTRONIC LOCATION AND ACCESS
Materials specified Table of contents only
Uniform Resource Identifier <a href="http://www.loc.gov/catdir/toc/fy11pdf04/2010019656.html">http://www.loc.gov/catdir/toc/fy11pdf04/2010019656.html</a>
906 ## - LOCAL DATA ELEMENT F, LDF (RLIN)
a 7
b cbc
c orignew
d 1
e ecip
f 20
g y-gencatlg
942 ## - ADDED ENTRY ELEMENTS (KOHA)
Source of classification or shelving scheme
Koha item type Book
Holdings
Withdrawn status Lost status Damaged status Not for loan Collection code Permanent Location Current Location Shelving location Date acquired Total Checkouts Total Renewals Full call number Barcode Date last seen Date last checked out Price effective from Koha item type
          Centre for International Peace & Stability (CIPS) Centre for International Peace & Stability (CIPS) General Stacks 10/02/2013 1 2 958.1 WAH 2007 CIPS0002149 05/05/2025 09/25/2024 11/25/2013 Book
© 2023 Central Library, National University of Sciences and Technology. All Rights Reserved.